| 000 | 00600nam a2200241Ia 4500 | ||
|---|---|---|---|
| 008 | 181129s9999 xx 000 0 und d | ||
| 020 | _a9780307931474 | ||
| 050 | _bG727 2013 | ||
| 100 | _aGrabenstein, Chris | ||
| 245 | 0 | _aEscape from Mr. Lemoncello's library / | |
| 245 | 0 | _cby Chris Grabenstein. | |
| 250 | _aFirst edition. | ||
| 260 | _aNew York, NY : | ||
| 260 | _bA yearling Book, | ||
| 260 | _c2013 | ||
| 300 | _a290 pages : | ||
| 300 | _billustrations ; | ||
| 300 | _c19cm. | ||
| 650 | _aBooks and reading. | ||
| 650 | _aGames. | ||
| 650 | _aLibraries. | ||
| 700 | _aTitle. | ||
| 999 |
_c360128 _d360128 |
||